• 首页
  • 本馆介绍
  • 公告通知
  • 最新文献
  • 馆藏检索
  • 电子资源
  • 读者导购
  • 参考咨询
  • 我的图书馆
  • 登录
  • 详细信息显示
  • 放入我的书架
  • 预约/预借图书
  • 作者相关作品
  • 分类相关作品
  • 丛书相关作品
  • 出版社相关作品

书目信息

  • 表格格式
  • 工作单格式
  • 卡片格式
题名:
当代报告文学流变论
    
 
作者: 李炳银 著
分册:  
出版信息: 北京   人民文学出版社  1997
页数: 341页
开本: 20cm
丛书名:
单 册:
中图分类: I207.5
科图分类:
主题词: 报告文学--文学评论
电子资源:
ISBN: 7-02-002425-4
000 00566nam0 2200193 45
001 0107110885
005 20031219104057.0
010    @a7-02-002425-4@dCNY14.80
100    @a20010711d1997 km y0chiy0120 ea
101 0  @achi
105    @ac z 000yy
200 1  @a当代报告文学流变论@ADang Dai Bao Gao Wen Xue Liu Bian Lun@f李炳银著@FLi Bing Yin Zhu
210    @a北京@c人民文学出版社@d1997
215    @a341页@c肖像@d20cm
606 0  @a报告文学@x文学评论
690    @aI207.5@v4
701  0 @a李炳银@4著
801    @aCN@bTSTC@c20010711
905    @b313814-823@dI207.5@e357@f10
    
    当代报告文学流变论/李炳银著.-北京:人民文学出版社,1997
    341页:肖像;20cm
    
    
    ISBN 7-02-002425-4:CNY14.80
    
●
相关链接 在E读中查询图书 在五车中查询图书 在当当中查询图书 在豆瓣中查询图书


正题名:当代报告文学流变论     索取号:I207.5/357         预约/预借

序号 登录号 条形码 馆藏地/架位号 状态 备注
1 0313814   203138149   第二借阅区/ [索取号:I207.5/357] 在馆    
2 0313815   203138158   第二借阅区/ [索取号:I207.5/357] 在馆    
3 0313816   203138167   第二借阅区/ [索取号:I207.5/357] 在馆    
4 0313817   203138176   第二借阅区/ [索取号:I207.5/357] 在馆    
5 0313818   203138185   第二借阅区/ [索取号:I207.5/357] 在馆    
6 0313819   203138194   第二借阅区/ [索取号:I207.5/357] 在馆    
7 0313820   203138201   第二借阅区/ [索取号:I207.5/357] 在馆    
8 0313821   203138210   第二借阅区/ [索取号:I207.5/357] 在馆    
9 0313822   203138229   第二借阅区/ [索取号:I207.5/357] 在馆    
10 0313823   203138238   第一样本阅览室/ [索取号:I207.5/357] 在馆    
唐山师范学院图书馆 欢迎您!
大连网信软件有限公司© 版权所有